1179 1131 1925 1629 1303 1100 1513 1973 1588 1008 1947 1199 1537 1357 1602 1778 1290 1532 1196 1487 1299 1793 1299 1768 1222 1653 1386 1058 1251 1803 1295 1635 1490 1802 1328 1184 1877 1441 1743 1062 1986 1132 1567 1295 1607 1671 1678 1488 1473 1853 1578 1429 1014 1630 1078 1721 1407 1436 1045 1792 1829 1554 1769 1674 1331 1042 1564 1364 1342 1334 1687 1485 1909 1068 1653 1606 1322 1989 1202 1332 1189 1444 1847 1331 1804 1610 1721 1585 1016 1584 1512 1152 1351 1926 1803 1087 1633 1745 1339 BCNSPRNW ULIB Ver.6.0+V

เปลี่ยนเป็นภาษาไทย

Change to English
 แสดงรายละเอียดบรรณานุกรม
  กลับหน้าหลัก

Brief Record : Get Marc (ISO 2709) : E-mail record : QR code < ปิดหน้าต่าง
LEADER : 00000nam 2200000uu 4500
001    13399120342
003     ULIB
008    120918s2545||||th 000 0 tha d
020    ^a9749580575
060 04 ^aWA540JT3^bป542ก
100 0  ^aปาณบดี เอกะจัมปกะ
245 10 ^aการปรับบทบาทภารกิจและโครงสร้างของกระทรวงสาธารณสุข /^cผู้จัดทำปาณบดี เอกะจัมปกะ, สุทธิสารณ์ วัฒนมะโน, รุจิรา ทวีรัตน์
260    ^a[นนทบุรี] :^bสำนักนโยบายและยุทธศาสตร์ สำนักงานปลัดกระทรวง กระทรวงสาธารณสุข,^c2545.
300    ^a131 หน้า ;^c30 ซม.
650  7 ^aการจัดส่วนราชการ
650  7 ^aกระทรวงสาธารณสุข^xการจัดส่วนราชการ
700 0  ^aรุจิรา ทวีรัตน์
700 0  ^aสุทธิสารณ์ วัฒนมะโน
710 2  ^aสำนักงานปลัดกระทรวง. ^bสำนักนโยบายและยุทธศาสตร์
945    ^p0^l0^i015490
999    ^aทศพร
รายการนี้ยังไม่มีแท็ก
คุณยังไม่ได้ล็อกอิน คุณสามารถมีกิจกรรมร่วมกับเว็บไซต์ได้ แต่ต้องล็อกอินก่อน ::
  ล็อกอิน

รายการสื่อสารสนเทศ

ลำดับที่ ประเภท เลขเรียก/บาร์โค้ด สถานที่ สถานะ
1. วิทยาศาสตร์การแพทย์ และสุขภาพ
วิทยาศาสตร์การแพทย์ และสุขภาพ
WA540JT3 ป542ก  
  Barcode: 015490
ห้องสมุดวิทยาเขตสวรรค์ประชารักษ์
►หนังสือทั่วไป
บนชั้น

รายการใกล้เคียง
    ผู้แต่ง [ปาณบดี เอกะจัมปกะ]

    หัวเรื่อง [การจัดส่วนราชการ]

BibComment


ยังไม่เคยถูกคอมเมนท์

คอมเมนท์ทรัพยากรรายการนี้
  คอมเมนท์: การปรับบทบาทภารก..


 Copyright 2026. Bcnsprnw @Library